Größte deutsche Städte mit drei Silben - Statistiken

Allgemein
  • Dieses Quiz wurde 107 mal gespielt
  • Das Durchschnittsergebnis liegt bei 14 aus 25
Antwortstatistiken
Einwohner Buchstabe Antwort % Korrekt
618.685 D Düsseldorf
97%
522.131 H Hannover
92%
358.193 W Wuppertal
81%
288.850 W Wiesbaden
78%
141.185 I Ingolstadt
74%
176.614 O Oldenburg
73%
166.057 O Osnabrück
73%
331.605 B Bielefeld
70%
151.389 R Regensburg
69%
309.050 K Karlsruhe
68%
244.329 M Magdeburg
66%
156.378 P Paderborn
63%
182.971 S Saarbrücken
52%
155.756 H Heidelberg
48%
165.626 S Solingen
48%
115.928 E Erlangen
47%
132.746 O Offenbach am Main
45%
127.259 G Göttingen
44%
100.479 G Gütersloh
39%
98.510 H Hildesheim
39%
118.852 R Reutlingen
39%
92.322 T Tübingen
36%
104.970 S Salzgitter
32%
96.182 E Esslingen
31%
92.858 L Ludwigsburg
28%
Keine übereinstimmenden Quizze gefunden
Verteilung der Resultate
Anzahl Personen mit jedem Resultat
Perzentil nach korrekt beantworteten Fragen
Ihre Resultats-Entwicklung
Sie haben dieses Quiz noch nicht gespielt